Selected poems of Kazi Nazrul Islam / (Record no. 21540)
[ view plain ]
| 000 -LEADER | |
|---|---|
| fixed length control field | 00785cam a22002774a 4500 |
| 001 - CONTROL NUMBER | |
| control field | 21540 |
| 003 - CONTROL NUMBER IDENTIFIER | |
| rucl marc code | BD-RjUL |
| 005 - DATE AND TIME OF LATEST TRANSACTION | |
| control field | 20211209000710.0 |
| 008 - FIXED-LENGTH DATA ELEMENTS--GENERAL INFORMATION | |
| fixed length control field | 140304s1973 bg 000 0 eng d |
| 035 ## - SYSTEM CONTROL NUMBER | |
| System control number | (BD-RjUL)21604 |
| 040 ## - CATALOGING SOURCE | |
| Original cataloging agency | DLC |
| Transcribing agency | DLC |
| Modifying agency | DLC |
| -- | BD-RjUL |
| Language of cataloging | eng |
| 041 1# - LANGUAGE CODE | |
| Language code of text/sound track or separate title | eng |
| Language code of original | ben |
| 082 00 - DEWEY DECIMAL CLASSIFICATION NUMBER | |
| Classification number | 891.4416 |
| Edition number | 21 |
| Author mark and year | ISS 1973 |
| 100 1# - MAIN ENTRY--PERSONAL NAME | |
| Personal name | Nazrul Islam, |
| Dates associated with a name | 1899-1976. |
| 9 (RLIN) | 66506 |
| 245 10 - TITLE STATEMENT | |
| Title | Selected poems of Kazi Nazrul Islam / |
| Statement of responsibility, etc. | translated by Kabir Choudhury |
| 250 ## - EDITION STATEMENT | |
| Edition statement | 2nd. ed. |
| 260 ## - PUBLICATION, DISTRIBUTION, ETC. (IMPRINT) | |
| Place of publication, distribution, etc. | Maghbazar, Dhaka : |
| Name of publisher, distributor, etc. | Yasmin Huq, |
| Date of publication, distribution, etc. | 1973 |
| 300 ## - PHYSICAL DESCRIPTION | |
| Pagination | 133 p. ; |
| Size | 23 cm. |
| 650 ## - SUBJECT ADDED ENTRY--TOPICAL TERM | |
| Topical term or geographic name as entry element | Poems |
| 9 (RLIN) | 66524 |
| 651 ## - SUBJECT ADDED ENTRY--GEOGRAPHIC NAME | |
| Geographic name | Bangladesh |
| 9 (RLIN) | 66525 |
| 700 1# - ADDED ENTRY--PERSONAL NAME | |
| Personal name | Choudhury, Kabir |
| 942 ## - ADDED ENTRY ELEMENTS (KOHA) | |
| Source of classification or shelving scheme | Dewey Decimal Classification |
| Koha item type | Books |
| Lost status | Source of classification or shelving scheme | Damaged status | Not for loan | Collection code | Permanent Location | Current Location | Shelving location | Date acquired | Source of acquisition | Cost, normal purchase price | Total Checkouts | Full call number | Date last seen | Copy number | Koha item type |
|---|---|---|---|---|---|---|---|---|---|---|---|---|---|---|---|
| Dewey Decimal Classification | Non-fiction | Central Library, University of Rajshahi | Central Library, University of Rajshahi | 15/01/1985 | Bangla Academi | 10.00 | 891.4416 ISS 1973 | 04/03/2014 | C-2 | Books |